Tribal Language, Literature and Folklore (Record no. 26280)
[ view plain ]
| 000 -LEADER | |
|---|---|
| fixed length control field | 00491 a2200157 4500 |
| 020 ## - INTERNATIONAL STANDARD BOOK NUMBER | |
| ISBN | 9788131610220 |
| 082 ## - DEWEY DECIMAL CLASSIFICATION NUMBER | |
| Classification number | 305.8014 |
| Item number | TRI- |
| 245 ## - TITLE STATEMENT | |
| Title | Tribal Language, Literature and Folklore |
| Sub Title | : emerging approaches in tribal studies |
| 260 ## - PUBLICATION, DISTRIBUTION, ETC. (IMPRINT) | |
| Name of publisher | Rawat Publications |
| Year of publication | 2019 |
| Place of publication | New Delhi |
| 300 ## - PHYSICAL DESCRIPTION | |
| Number of Pages | ix,293p |
| 504 ## - BIBLIOGRAPHY, ETC. NOTE | |
| Bibliography, etc | Include Index<br/> |
| 546 ## - LANGUAGE NOTE | |
| Language note | <br/> |
| 650 ## - SUBJECT ADDED ENTRY--TOPICAL TERM | |
| Topical Term | Social Groups |
| Form subdivision | Tribes |
| -- | Scheduled tribes |
| -- | Language |
| -- | Literature |
| Geographic subdivision | North East |
| -- | India |
| 700 ## - ADDED ENTRY--PERSONAL NAME | |
| Personal name | Behera, M.C. |
| 942 ## - ADDED ENTRY ELEMENTS (KOHA) | |
| Source of classification or shelving scheme | Dewey Decimal Classification |
| Koha item type | Books |
| Withdrawn status | Lost status | Damaged status | Not for loan | Home library | Current library | Date acquired | Source of acquisition | Cost, normal purchase price | Bill Date | Full call number | Accession Number | Cost, replacement price | Price effective from | Koha item type |
|---|---|---|---|---|---|---|---|---|---|---|---|---|---|---|
| NASSDOC Library | NASSDOC Library | 08/07/2020 | OP | 872.35 | 2020-06-11 | 305.8014 TRI- | 51030 | 1195.00 | 15/07/2020 | Books |
